Visualizzazione normale
Vista MARC
- Biblia.
di Uniform Title
Records bibliografici associati: 1
001 - CONTROL NUMBER
- control field: 57737
003 - CONTROL NUMBER IDENTIFIER
- control field:
005 - DATE AND TIME OF LATEST TRANSACTION
- control field: 20190403094800.0
008 - FIXED-LENGTH DATA ELEMENTS
- fixed length control field: 190403|| aca||aabn | a|a d
040 ## - CATALOGING SOURCE
- Original cataloging agency:
- Transcribing agency:
130 ## - HEADING--UNIFORM TITLE
- Uniform title: Biblia.
- Form subdivision: N.T.
- General subdivision: Epistola ad Ephesios.
- Language of a work: ita
670 ## - SOURCE DATA FOUND
- Source citation: Work cat.: ()0: Neri, Umberto 1930-1997 autore 57736, Il mistero di Cristo e l'unità della Chiesa suo corpo., 2006.